000
00286nam a22001217a 4500
040
_c
HS
082
_a
580
100
_a
MICHEAL HICKEY
245
_a
The cambridge illustrated glossary of botanical terms
260
_a
Cambridge
_b
MICHEAL HICKEY
_c
2000
300
_a
207p;
942
_c
EK
999
_c
10213
_d
10213